Rozpoznaj rapera po piosence 2022 - Statystyki

Ogólne statystyki
  • Ten quiz został rozwiązany 988 razy
    951 od ostatniego zresetowania
  • Średni wynik to 24 z 40
Statystyki odpowiedzi
Hint Odpowiedź % Poprawnych
Jeżyk Oki
77%
Bedoesiara Bedoes
73%
Patoprochibicja Mata
72%
Disnay Kizo
69%
Kokieterka Oliwka brazil
68%
18 White2115
68%
Midas Sentino
67%
Bandyta Sobel
67%
Zosia Białas
66%
Zlote tarasy Mr polska
65%
Duże oczy Smolasty
65%
La manga Alberto
64%
Dres Miszel
63%
Blubery Guzior
62%
3 telefony Malik montana
62%
Sól Young multi
62%
Patolove Zdechły osa
62%
Parapetówa SB Maffija
61%
Icey Żabson
61%
Narcyz Chivas
59%
Przegrałem z fukajem Fukaj
59%
WCHJ Kinny zimmer
59%
No to cyk Diho
58%
Tryb samolotowy Jan-rapowanie
58%
Cały hajs Kabe
57%
Sam Waima
55%
Łyk i buch Gombao 33
54%
Zaebyście Qry
54%
10 pak Rusina
53%
Rok tygryska Young leosia
53%
Siri Gedz
52%
Gitara Reto
51%
Czekotubka Josef bratan
50%
Powiemy ci to w twarz Kamil Lanek
50%
Puerto bounce Zetha
50%
Golem Szpaku
48%
Przekręt Trill pem
47%
Lot Wac toja
46%
Gwiazda wwa Nypel
45%
Znowu wieje wiatr Solar
44%
Nie znaleziono quizów pasujących do podanych kryteriów
Rozkład punktacji
Procent ludzi z każdym wynikiem
Percentyl według liczby udzielonych odpowiedzi
Twoja historia wyników
Nie rozwiązałeś tego quizu od ostatniego zresetowania